[Event "Moscow Smyslov-D"]
[Site "Moscow"]
[Date "2025.06.02"]
[Round "1"]
[White "Ogurtsov, Stanislav Ev"]
[Black "Govorun, Nikolay"]
[Result "0-1"]
[WhiteElo "1580"]
[BlackElo "1496"]
[PlyCount "70"]
[EventDate "2025.06.02"]
[EventType "swiss"]
[EventRounds "8"]
[EventCountry "RUS"]
[SourceTitle "CB29_2025"]
[SourceDate "2025.07.16"]
[SourceVersion "1"]
[SourceVersionDate "2025.07.16"]
[SourceQuality "1"]

1. d4 d5 2. c4 dxc4 3. Nf3 Nf6 4. e3 e6 5. Bxc4 a6 6. 0-0 c5 7. Nc3 b5 8. Be2 Bb7 9. dxc5 Qxd1 10. Rxd1 Bxc5 11. b3 Nbd7 12. Bb2 0-0 13. Rac1 Rac8 14. Nd4 Rfd8 15. Bf3 Bxf3 16. Nxf3 Nb6 17. h3 Be7 18. Ne5 Rxd1+ 19. Rxd1 b4 20. Na4 Nxa4 21. bxa4 h6 22. Nd7 Nd5 23. Rd3 Rc2 24. Rb3 Nc3 25. Nb8 Bd6 26. Nxa6 Nxa4 27. Rd3 Rc6 28. Nxb4 Nxb2 29. Nxc6 Nxd3 30. a4 Nb4 31. Nd4 Na6 32. Nb5 Bb4 33. Kh2 Nc5 34. f4 Bd2 35. a5 Bxe3 0-1